| 000 | 00472pam a2200169 a 4500 | ||
|---|---|---|---|
| 005 | 20250901165357.0 | ||
| 008 | 871023s1988 nyu 000 1 eng | ||
| 010 | _a 87029235 | ||
| 020 |
_a0140107649 (pbk.) : _c$7.95 |
||
| 050 | 0 | 0 |
_aPS3561.E365 .K44 1988 _bB56 1988 |
| 082 | 0 | 0 |
_a813/.54 _219 |
| 100 | 1 | _aKeenan, Joe. | |
| 245 | 1 | 0 |
_aBlue heaven / _cJoe Keenan. |
| 260 |
_aNew York, N.Y., U.S.A. : _bPenguin Books, _c1988. |
||
| 300 |
_a279 p. ; _c20 cm. |
||
| 942 | _2ddc | ||
| 999 |
_c2978 _d2978 |
||